000 00360nam a22001337a 4500
040 _cC. R. Barber & Partners
082 _a423
_bP294 C
100 _aPatrick Hanks
_9130481
245 _aCollins Dictionary of the English Language 2ne Edition
250 _a2nd ed.
260 _aEngland
_bC. R. Barber & Partners
_c1986
300 _a1771p.
942 _2ddc
_cBK
999 _c614670
_d614670